South Eastern Kenya University

Library Online Public Access Catalogue


Aubrey Beardsley (Record no. 9212)

MARC details
000 -LEADER
fixed length control field 00299nam a22001217a 4500
050 ## - LIBRARY OF CONGRESS CALL NUMBER
Classification Number NC 242
Item Number .B3
100 ## - MAIN ENTRY--Author
Personal name Beardsley, Aubrey,
245 ## - TITLE
Title Aubrey Beardsley
260 ## - PUBLICATION, DISTRIBUTION, ETC.(IMPRINT)
Place of publication, distribution, etc Newyork:
Name of publisher, distributor, etc Bonanza books,
Date of publication, distribution, etc 1942.
300 ## - PHYSICAL DESCRIPTION
Extent 372p.
650 ## - SUBJECT--TOPIC
General subdivision Beardsley, Aubrey, 1872-1898
942 ## - ADDED ENTRY ELEMENTS(KOHA)
Source of classification or shelving scheme Library of Congress Classification
Koha item type General circulation
Holdings
Source of classification or shelving scheme Not for loan Location (home branch) Sublocation (holding branch) Date accessioned Source of acquisition Full call number Barcode Nonpublic note Koha item type
Library of Congress Classification   SEHSS - Library SEHSS - Library 25/09/2015 DONATION FROM BOOKS FOR AFRICA [EHS] NC 242 .B3 2015/008236 jm General circulation
Kitui, Kenya.
+254736116989
library@seku.ac.ke